| 000 | 00979nac a22002891i 4500 | ||
|---|---|---|---|
| 003 | EG-ScBUE | ||
| 005 | 20240930131152.0 | ||
| 008 | 240930t1960 nyua f 000 0 eng d | ||
| 040 |
_aEG-ScBUE _beng _erda _cEG-ScBUE _dEG-ScBUE |
||
| 082 | 0 | 4 |
_a512.8 _bTUR _222 |
| 100 | 1 |
_aTurnbull, H. W., _eauthor. |
|
| 245 | 1 | 4 |
_aThe theory of determinants, matrices, and invariants / _cby H. W. Turnbull, professor emeritus in The University of St. Andrews. |
| 250 | _aThird edition. | ||
| 264 | 1 |
_aNew York : _bDover Publications, _c[1960] |
|
| 264 | 4 | _cc1960 | |
| 300 |
_a374 pages : _billustrations ; _c21 cm. |
||
| 336 |
_2rdacontent _atext _btxt |
||
| 337 |
_aunmediated _2rdamedia _bn |
||
| 338 |
_avolume _bnc _2rdacarrier |
||
| 490 | 0 | _aDover books on advanced mathematics | |
| 650 | 7 |
_aDeterminants. _2BUEsh |
|
| 650 | 7 |
_aMatrices. _2BUEsh |
|
| 650 | 7 |
_aInvariants. _2BUEsh |
|
| 655 | _vReading book | ||
| 942 |
_cBB _2ddc |
||
| 999 |
_c1784 _d1784 |
||